000 00773nam a22002657a 4500
001 126367
003 UA-OsUOA
005 20220410215801.0
007 ta
008 20171017b un ||||| |||| 00| 0 ukr d
020 _a9789662665956
040 _aUA-OsUOA
_bukr
_cUA-OsUOA
_dUA-OsUOA
041 _aukr
080 _a821.161.2
090 _a821.161.2
_bД26
100 _aДегтяренко Я.
245 _aЛицарі Дикого Поля
_bісторичний роман: у 2-х т.
260 _aК.
_bБрайт Стар Паблішинг
_c2016
300 _a368 с.
505 _gТ. 1
650 7 _a821 Художня література
_2UDC
942 _cBK
_2udc
955 _a3
999 _c414787
_d414787